| 000 | 01500cam a2200421 i 4500 | ||
|---|---|---|---|
| 001 | 526 | ||
| 005 | 20230517092327.0 | ||
| 008 | 140418s2015 nyu c 000 1 eng c | ||
| 020 | _a9780545592178 (hardcover) | ||
| 020 | _a0545592178 (hardcover) | ||
| 020 | _a9780545592185 (pbk. : alk. paper) | ||
| 020 | _a0545592186 (pbk. : alk. paper) | ||
| 020 | _z9780545592192 (ebook) | ||
| 020 | _z0545592194 (ebook) | ||
| 020 | _z9780545753340 (apple ebook) | ||
| 020 | _z0545753341 (apple ebook) | ||
| 040 |
_aNJQ/DLC _beng _cNJQ _erda _dDLC |
||
| 050 | 0 | 0 |
_aPZ7.P999 _bLu 2015 |
| 082 | 0 | 4 |
_a813.6 _223 |
| 082 | 0 | 4 |
_a813.6 _223 |
| 100 | 1 |
_aPyron, Bobbie, _eauthor. |
|
| 245 | 1 | 0 |
_aLucky strike / _cBobbie Pyron. |
| 250 | _aFirst edition. | ||
| 300 |
_a263 pages ; _c22 cm. |
||
| 505 | _aM | ||
| 520 | _aNathaniel Harlow lives with his grandfather in a trailer park in Franklin County, Florida, and he has always been unlucky--but when he is struck by lightning on his eleventh birthday and survives, it seems like his luck starts to change. | ||
| 521 |
_a770
_bLexile |
||
| 521 |
_aM
_bRaz-Plus |
||
| 650 | 0 |
_aLightning _vJuvenile fiction. |
|
| 650 | 0 |
_aLife change events _vJuvenile fiction. |
|
| 650 | 0 |
_aFortune _vJuvenile fiction. |
|
| 650 | 0 |
_aGrandparent and child _vJuvenile fiction. |
|
| 650 | 1 |
_aLightning _vFiction. |
|
| 650 | 1 |
_aLuck _vFiction. |
|
| 650 | 1 |
_aGrandparent and child _vFiction. |
|
| 906 |
_a7 _bcbc _corignew _d1 _eecip _f20 _gy-gencatlg |
||
| 942 |
_2ddc _cBK _n0 |
||
| 999 |
_c526 _d526 |
||